000 00492nam a2200145 a 4500
008 120416s1989 ||||||||||||||||| || u
020 _a0750619074
050 _aHD 38 Dru
100 _aDrucker, Peter F
245 1 0 _aManaging for results
260 _aOxford
_bButterworth-Heinemann
_c1989
350 _a0.00
650 0 _aMANAGEMENT
995 _D0.00
_FCBU-MAIN LIBRARY (Kitwe)
_H1
_I19.00
_M1
_UAVAILABLE
_ZMain Library Open Access Collection
999 _c50152
_d50152